History Quiz

Random History or War Quiz

Winning Commanders Quiz Stats

 Plays Quiz not verified by Sporcle

Challenge
Share
Tweet
Embed
Score 0/30 Timer 08:00
0 Plays Today
Battle Commander % Correct
Yorktown, 1781 ADGeorge Washington
82.5%
Austerlitz, 1805 ADNapoleon Bonaparte
82.5%
Hastings, 1066 ADWilliam the Conqueror
78.8%
Waterloo, 1815 ADDuke of Wellington
77.5%
Gaugamela, 331 BCAlexander the Great
70%
Cannae, 216 BCHannibal
67.5%
Alesia, 52 BCJulius Caesar
66.3%
Hattin, 1187 ADSaladin
66.3%
Tours, 732 ADCharles Martel
61.3%
Midway, 1942 ADChester Nimitz
61.3%
Tenochtitlan, 1521 ADHernan Cortes
58.8%
Zama, 202 BCScipio Africanus
55%
Gettysburg, 1863 ADGeorge Meade
55%
Pearl Harbor, 1941 ADYamamoto Isoroku
52.5%
Stalingrad, 1942-1943 ADGeorgy Zhukov
52.5%
Battle Commander % Correct
Milvian Bridge, 312 ADConstantine I
42.5%
Saratoga, 1777 ADHoratio Gates
41.3%
Verdun, 1916 ADPhilippe Petain
37.5%
Sekigahara, 1600 ADTokugawa Ieyasu
27.5%
Constantinople, 1453 ADMehmed II
26.3%
Plassey, 1757 ADRobert Clive
26.3%
Salamis, 480 BCThemistocles
25%
Sedan, 1870 ADHelmuth von Moltke
25%
Dien Bien Phu, 1954 ADVo Nguyen Giap
25%
Marne, 1914 ADJoseph Joffre
22.5%
Chaeronea, 338 BCPhilip of Macedon
21.3%
Teutoberg Forest, 9 ADHermann
21.3%
Tsushima, 1905 ADTogo Heihachiro
20%
Jerusalem, 1099 ADRaymond of Toulouse
13.8%
Lepanto, 1571 ADJuan de Austria
10%

You're not logged in!

Compare scores with friends on all Sporcle quizzes.
OR
Log In

You Might Also Like...

Show Comments

Extras

Created Jul 29, 2010ReportNominate
Tags:War Quiz, battle, commander, winning, won

Top Quizzes Today


Score Distribution

Your Account Isn't Verified!

In order to create a playlist on Sporcle, you need to verify the email address you used during registration. Go to your Sporcle Settings to finish the process.

Report this User

Report this user for behavior that violates our Community Guidelines.

Details: